Slovanské bájesloví

Podrobná bibliografia
Hlavný autor: Růžička, Jozef (Autor)
Médium: Kniha
Jazyk:neznámy jazyk
Fyzický popis:328 s.
Vydavateľské údaje: Olomouc Knihkupectví R. Prombergera 1907

MARC

LEADER 00000nam a2200000 a 4500
001 vtls001335799
003 SK-MaSNL
005 20260302033508.0
008 240314s1907 xx 0 und
035 |a SNK000288776 
040 |a SNK  |b slo  |c SNK  |e AACR2 
041 0 |a und 
100 1 |a Růžička, Jozef  |4 aut  |9 589743 
245 1 0 |a Slovanské bájesloví 
260 |a Olomouc  |b Knihkupectví R. Prombergera  |c 1907 
300 |a 328 s. 
958 |a ONDV 
999 |c 1062003  |d 1063933 
952 |a SNK  |b SNK  |y VYP  |7 0  |p 17A0532498  |o snkSC 57932 D1  |i snkK 2634/66  |8 3  |3 rekatalogizácia  |0 0  |1 0  |4 0  |d 2006-12-14  |l 0  |r 2026-02-24 15:29:11  |w 2026-02-24 
952 |t P60, <04>, [BOOK], {604}  |a SNK  |b SNK  |y VYP  |7 0  |p 17A0370951  |o snkSC 57932 D2  |i snkK 2625/72  |8 3  |0 0  |1 0  |4 0  |d 2003-02-03  |l 0  |r 2005-01-02 00:00:00  |w 2026-02-24 
952 |t P60, <04>, [BOOK], {604}  |a SNK  |b SNK  |y PREZ  |7 0  |p 17A0145528  |o snkSC 57932  |i snkKIK 707/59  |8 3  |0 0  |1 0  |4 0  |d 1998-06-30  |l 0  |r 2025-07-04 00:00:00  |w 2026-02-24